| 000 | 01177nam a22002417a 4500 | ||
|---|---|---|---|
| 001 | 5995 | ||
| 003 | FISKH | ||
| 005 | 20250225092409.0 | ||
| 008 | 250219b cb ||||| |||| 00| 0 eng d | ||
| 020 |
_a9780008424213 _c$13.50 |
||
| 040 |
_aFISKH _beng _cFISKH _dFISKH |
||
| 050 | _aPZ7 | ||
| 082 | _a823.00 | ||
| 100 | _aBaron, Adam | ||
| 245 |
_aOscar's lion : _b'Beautiful, adventurous, powerful' / _cAdam Baron ; Illustrated by Benji Davies |
||
| 260 |
_aLondon : _bHarper Collins Children's Book, _c2023. |
||
| 300 |
_a183 pages : _billustrations ; _c20 cm |
||
| 520 | _aOscar is a little terrified to find that a lion is going to be looking after him for the weekend. But when the lion lets him eat as many biscuits as he wants, and reads him his favorite story ten times, Oscar realizes he might be on to something good. Soon, Oscar discovers that the lion can change into different animals and the pair find themselves having all kinds of adventures! But before the lion has to go, might he have one more amazing transformation up his sleeve? | ||
| 650 |
_aAnimal _vFiction |
||
| 700 |
_aDavies, Benji _eillustrator |
||
| 942 |
_2ddc _cBK _n0 |
||
| 999 |
_c5995 _d5995 |
||